"Tanulj meg élni az életeddel!" Autotréning, avagy a (sport)sikerek titka
Elmentve itt :
| Dokumentumtípus: | Cikk |
|---|---|
| Megjelent: |
1990-10-20
|
| Sorozat: | Délmagyarország
80 No. 268 |
| Kulcsszavak: | Sport |
| Online Access: | http://dmarchiv.bibl.u-szeged.hu/81592 |
| LEADER | 00437nab a2200145 i 4500 | ||
|---|---|---|---|
| 001 | delm81592 | ||
| 005 | 20190924132833.0 | ||
| 008 | 190924s1990 hu o 0|| hun d | ||
| 040 | |a SZTE Délmagyarország Archívum |b hun | ||
| 041 | |a hun | ||
| 245 | 0 | 0 | |a "Tanulj meg élni az életeddel!" Autotréning, avagy a (sport)sikerek titka |h [elektronikus dokumentum] |
| 260 | |c 1990-10-20 | ||
| 300 | |a 6 | ||
| 490 | 0 | |a Délmagyarország |v 80 No. 268 | |
| 695 | |a Sport | ||